Miền Nam trong lòng Bác Hồi ký
Tấm lòng của Bác Hồ đối với nhân dân miền Nam và nhân dân Miền Nam dành cho người
Tallennettuna:
| Aineistotyyppi: | Kirja |
|---|---|
| Kieli: | Vietnamese |
| Julkaistu: |
H.
Thanh niên
1975
|
| Aiheet: | |
| Tagit: |
Lisää tagi
Ei tageja, Lisää ensimmäinen tagi!
|
| Thư viện lưu trữ: | Mạng thư viện Đại học Đà Nẵng |
|---|
| LEADER | 01169nam a22003498a 4500 | ||
|---|---|---|---|
| 001 | 000007452 | ||
| 003 | 3614 | ||
| 005 | 20111004151032.0 | ||
| 008 | 111004s1975 b 000 0 vieod | ||
| 020 | |c 10000đ |d 10200b | ||
| 041 | 0 | |a vie | |
| 082 | |a 895.922803 |b Miê | ||
| 084 | |a V6 | ||
| 245 | 1 | 0 | |a Miền Nam trong lòng Bác |b Hồi ký |
| 260 | |a H. |b Thanh niên |c 1975 | ||
| 300 | |a 223tr : ảnh |c 19cm | ||
| 520 | |a Tấm lòng của Bác Hồ đối với nhân dân miền Nam và nhân dân Miền Nam dành cho người | ||
| 653 | |a Văn học hiện đại | ||
| 653 | |a hồi ký | ||
| 653 | |a Hồ Chí Minh | ||
| 653 | |a Việt Nam | ||
| 910 | |a Nguyễn Thị Kim Oanh |d 04/10/2011 | ||
| OWN | |a LSP | ||
| AVA | |a UDN50 |b LSP |d 895.922803 Miê |e available |t Error 5001 Not defined in file expand_doc_bib_avail. |f 2 |g 1 |h N |i 0 |k 1 | ||
| 999 | |a From the UDN01 | ||
| AVA | |a UDN50 |b LSP |d 895.922803 Miê |e available |t Error 5001 Not defined in file expand_doc_bib_avail. |f 2 |g 1 |h N |i 0 |k 1 | ||
| TYP | |a Monograph | ||
| TYP | |a Printed language | ||
| 980 | |a Mạng thư viện Đại học Đà Nẵng | ||